000 00333nam a22001457a 4500
008 180814b xxu||||| |||| 00| 0 eng d
020 _a9780521697613
041 _aeng
080 _a616-053.2
082 _a616-053.2
100 _a8
101 _aPED
245 _aPediatric Infectious Diseases
_cBerkowitz,F.E
942 _2udc
_cBK
999 _c47093
_d47093